000 00506nam a22002297a 4500
003 UA-OsUOA
001 86864
007 ta
008 20120912b un ||||| |||| 00| 0 ukr d
100 _aОрестов О.
090 _a94(540)
_bО-63
942 _cBK
040 _aUA-OsUOA
_brus
_cUA-OsUOA
_dUA-OsUOA
245 _aВорота Индии
300 _a222 с.
955 _a4
041 _arus
080 _a94(540)
260 _aМ.
_bНаука
_c1976
650 7 _2UDC
999 _c373034
_d373034